Studing the pressure influence on the process of diesel fuel catalytic dewaxing; Проблемы геологии и освоения недр; Т. 2

Dettagli Bibliografici
Parent link:Проблемы геологии и освоения недр: труды XXIII Международного симпозиума имени академика М. А. Усова студентов и молодых ученых, посвященного 120-летию со дня рождения академика К. И. Сатпаева, 120-летию со дня рождения профессора К. В. Радугина, Томск, 8-12 апреля 2019 г./ Национальный исследовательский Томский политехнический университет, Инженерная школа природных ресурсов ; гл. ред. А. С. Боев ; под ред. Е. Ю. Пасечник.— , 2019
Т. 2.— 2019.— [С. 708-709]
Autore principale: Mauzhigunova E. N.
Ente Autore: Национальный исследовательский Томский политехнический университет Инженерная школа природных ресурсов Отделение химической инженерии
Altri autori: Belinskaya N. S. Natalia Sergeevna
Riassunto:Заглавие с экрана
Lingua:inglese
Pubblicazione: 2019
Serie:Геология, горное и нефтегазовое дело (доклады на английском и немецком языках)
Soggetti:
Accesso online:http://earchive.tpu.ru/handle/11683/56422
Natura: MixedMaterials Elettronico Capitolo di libro
KOHA link:https://koha.lib.tpu.ru/cgi-bin/koha/opac-detail.pl?biblionumber=630218

MARC

LEADER 00000naa2a2200000 4500
001 630218
005 20260410071622.0
035 |a (RuTPU)RU\TPU\conf\31148 
035 |a RU\TPU\conf\31147 
090 |a 630218 
100 |a 20191021d2019 k y0rusy50 ba 
101 0 |a eng 
102 |a RU 
105 |a y z 100zy 
135 |a drcn ---uucaa 
181 0 |a i  
182 0 |a b 
200 1 |a Studing the pressure influence on the process of diesel fuel catalytic dewaxing  |f E. N. Mauzhigunova, N. S. Belinskaya 
203 |a Текст  |c электронный 
225 1 |a Геология, горное и нефтегазовое дело (доклады на английском и немецком языках) 
300 |a Заглавие с экрана 
320 |a [Библиогр.: с. 709 (3 назв.)] 
461 1 |0 (RuTPU)RU\TPU\conf\30471  |t Проблемы геологии и освоения недр  |o труды XXIII Международного симпозиума имени академика М. А. Усова студентов и молодых ученых, посвященного 120-летию со дня рождения академика К. И. Сатпаева, 120-летию со дня рождения профессора К. В. Радугина, Томск, 8-12 апреля 2019 г.  |o в 2 т.  |f Национальный исследовательский Томский политехнический университет, Инженерная школа природных ресурсов ; гл. ред. А. С. Боев ; под ред. Е. Ю. Пасечник  |d 2019 
463 1 |0 (RuTPU)RU\TPU\conf\30475  |t Т. 2  |v [С. 708-709]  |d 2019 
610 1 |a труды учёных ТПУ 
610 1 |a электронный ресурс 
610 1 |a давление 
610 1 |a каталитическая депарафинизация 
610 1 |a дизельные топлива 
610 1 |a математическое моделирование 
610 1 |a низкотемпературные характеристики 
700 1 |a Mauzhigunova  |b E. N. 
701 1 |a Belinskaya  |b N. S.  |c chemist  |c Associate Professor of Tomsk Polytechnic University, Candidate of Technical Sciences  |f 1989-  |g Natalia Sergeevna  |y Tomsk  |3 (RuTPU)RU\TPU\pers\31267  |9 15445 
712 0 2 |a Национальный исследовательский Томский политехнический университет  |b Инженерная школа природных ресурсов  |b Отделение химической инженерии  |3 (RuTPU)RU\TPU\col\23513 
801 2 |a RU  |b 63413507  |c 20191024  |g RCR 
856 4 |u http://earchive.tpu.ru/handle/11683/56422 
942 |c BK